| 000 -LEADER |
| fixed length control field |
01304cam a22004217 4500 |
| 001 - CONTROL NUMBER |
| control field |
1708379 |
| 003 - CONTROL NUMBER IDENTIFIER |
| control field |
LIBRIS |
| 005 - DATE AND TIME OF LATEST TRANSACTION |
| control field |
20210417110008.0 |
| 008 - FIXED-LENGTH DATA ELEMENTS--GENERAL INFORMATION |
| fixed length control field |
011211s1993 xxu 000 0 eng c |
| 020 ## - INTERNATIONAL STANDARD BOOK NUMBER |
| International Standard Book Number |
0394581547 |
| 040 ## - CATALOGING SOURCE |
| Original cataloging agency |
Uh |
| Transcribing agency |
DLC |
| 041 1# - LANGUAGE CODE |
| Language code of text/sound track or separate title |
eng |
| Language code of original |
ita |
| 080 ## - UNIVERSAL DECIMAL CLASSIFICATION NUMBER |
| Universal Decimal Classification number |
821.111 |
| Item number |
C-16 |
| 082 04 - DEWEY DECIMAL CLASSIFICATION NUMBER |
| Classification number |
853.914 |
| Edition number |
23/swe |
| 084 ## - OTHER CLASSIFICATION NUMBER |
| Classification number |
Cmga |
| Number source |
kssb/6 |
| 084 ## - OTHER CLASSIFICATION NUMBER |
| Classification number |
Cmga |
| Number source |
kssb/6 |
| 084 ## - OTHER CLASSIFICATION NUMBER |
| Classification number |
Cmga |
| Number source |
kssb/6 |
| 100 1# - MAIN ENTRY--PERSONAL NAME |
| Personal name |
Calasso, Roberto, |
| Dates associated with a name |
1941- |
| Authority record control number or standard number |
297649 |
| 245 04 - TITLE STATEMENT |
| Title |
The marriage of Cadmus and Harmony / |
| Statement of responsibility, etc. |
Roberto Calasso ; translated from the Italian by Tim Parks |
| 250 ## - EDITION STATEMENT |
| Edition statement |
1. American ed. |
| 260 ## - PUBLICATION, DISTRIBUTION, ETC. |
| Place of publication, distribution, etc. |
New York : |
| Name of publisher, distributor, etc. |
Knopf, |
| Date of publication, distribution, etc. |
1993 |
| 300 ## - PHYSICAL DESCRIPTION |
| Extent |
403 s. |
| 365 ## - TRADE PRICE |
| Price amount |
25 usd |
| 650 ## - SUBJECT ADDED ENTRY--TOPICAL TERM |
| Source of heading or term |
Italian Literature |
| 650 ## - SUBJECT ADDED ENTRY--TOPICAL TERM |
| Source of heading or term |
Novel |
| 653 ## - INDEX TERM--UNCONTROLLED |
| Uncontrolled term |
იტალიური ლიტერატურა |
| 653 ## - INDEX TERM--UNCONTROLLED |
| Uncontrolled term |
პროზა |
| 700 1# - ADDED ENTRY--PERSONAL NAME |
| Personal name |
Parks, Tim, |
| Dates associated with a name |
1954- |
| Relationship |
trl |
| Authority record control number or standard number |
322237 |
| 900 1s - EQUIVALENCE OR CROSS-REFERENCE-PERSONAL NAME [LOCAL, CANADA] |
| Linkage |
700 |
| Dates associated with a name |
1954- |
| Affiliation |
Parks, Tim, |
| Dates associated with a name |
1954- |
| 942 ## - ADDED ENTRY ELEMENTS (KOHA) |
| Source of classification or shelving scheme |
|
| Koha item type |
Books |
| Edition |
1 |